|
|
|
|
| LEADER |
00000caa a22000002c 4500 |
| 001 |
1164649981 |
| 003 |
DE-627 |
| 005 |
20220524104222.0 |
| 007 |
tu |
| 008 |
010921s2000 xx ||||| 00| ||ger c |
| 020 |
|
|
|a 3929041189
|
| 035 |
|
|
|a (DE-627)1164649981
|
| 035 |
|
|
|a (DE-576)094649987
|
| 035 |
|
|
|a (DE-599)BSZ094649987
|
| 040 |
|
|
|a DE-627
|b ger
|c DE-627
|e rakwb
|
| 041 |
|
|
|a ger
|
| 100 |
1 |
|
|a Peukert, Wolfgang
|4 aut
|
| 245 |
1 |
0 |
|a Neueste Entwicklungen des europäischen Menschenrechtschutzes im Bereich des Strafrechts und Strafprozessrechts
|c Wolfgang Peukert
|
| 264 |
|
1 |
|c 2000
|
| 300 |
|
|
|a S. 53 - 66
|
| 336 |
|
|
|a Text
|b txt
|2 rdacontent
|
| 337 |
|
|
|a ohne Hilfsmittel zu benutzen
|b n
|2 rdamedia
|
| 338 |
|
|
|a Band
|b nc
|2 rdacarrier
|
| 773 |
0 |
8 |
|i In
|t 50 Jahre Grundgesetz - kritische Würdigung, europäische Bezüge in der Strafgerichtsbarkeit
|b 1. Aufl.
|d Köln : Ed. Der Andere Buchladen, 2000
|g (2000), Seite 53 - 66
|h VII, 299 S.
|w (DE-627)331452332
|w (DE-576)086593617
|z 3929041189
|7 nnam
|
| 773 |
1 |
8 |
|g year:2000
|g pages:53 - 66
|
| 935 |
|
|
|a mkri
|
| 951 |
|
|
|a AR
|
| ELC |
|
|
|b 1
|
| LOK |
|
|
|0 000 xxxxxcx a22 zn 4500
|
| LOK |
|
|
|0 001 2899229966
|
| LOK |
|
|
|0 003 DE-627
|
| LOK |
|
|
|0 004 1164649981
|
| LOK |
|
|
|0 005 20260217124532
|
| LOK |
|
|
|0 008 160208||||||||||||||||ger|||||||
|
| LOK |
|
|
|0 040
|a DE-21-110
|c DE-627
|d DE-21-110
|
| LOK |
|
|
|0 689
|a s
|a Menschenrechtsschutz
|
| LOK |
|
|
|0 689
|a g
|a Europa
|
| LOK |
|
|
|0 689
|a s
|a Strafrecht
|
| LOK |
|
|
|0 689
|a s
|a Strafprozessrecht
|
| LOK |
|
|
|0 689
|a s
|a Menschenrechtskonvention
|
| LOK |
|
|
|0 852
|a DE-21-110
|
| LOK |
|
|
|0 852 1
|m p
|9 00
|
| LOK |
|
|
|0 935
|a k110
|
| LOK |
|
|
|0 938
|k p
|
| LOK |
|
|
|0 939
|a 08-02-16
|b l01
|
| ORI |
|
|
|a WA-MARC-krimdoka001.raw
|